<?xml version="1.0" encoding="UTF-8"?>
<record
    xmlns:xsi="http://www.w3.org/2001/XMLSchema-instance"
    xsi:schemaLocation="http://www.loc.gov/MARC21/slim http://www.loc.gov/standards/marcxml/schema/MARC21slim.xsd"
    xmlns="http://www.loc.gov/MARC21/slim">

  <leader>00770nam#a22002535a#4500</leader>
  <controlfield tag="001">9553</controlfield>
  <controlfield tag="003">AR-RoUNC</controlfield>
  <controlfield tag="005">20260511203518.0</controlfield>
  <controlfield tag="008">050906s2001uuuuag     gr     ||1 fdspa|d</controlfield>
  <datafield tag="020" ind1=" " ind2=" ">
    <subfield code="a">9789500713900</subfield>
  </datafield>
  <datafield tag="040" ind1=" " ind2=" ">
    <subfield code="a">AR-RoUNC</subfield>
    <subfield code="d">AR-MoUNM</subfield>
  </datafield>
  <datafield tag="041" ind1=" " ind2=" ">
    <subfield code="a">spa</subfield>
  </datafield>
  <datafield tag="082" ind1="0" ind2="4">
    <subfield code="2">24.11</subfield>
    <subfield code="a">FR843 </subfield>
    <subfield code="b">YOU 81</subfield>
  </datafield>
  <datafield tag="100" ind1="1" ind2=" ">
    <subfield code="a">Yourcenar, Marguerite</subfield>
    <subfield code="d">1903-1987.,</subfield>
    <subfield code="9">25637</subfield>
  </datafield>
  <datafield tag="245" ind1="1" ind2="0">
    <subfield code="a">Memorias de Adriano /</subfield>
    <subfield code="c">Marguerite Yourcenar ; traducci&#xF3;n, Julio Cort&#xE1;zar.</subfield>
  </datafield>
  <datafield tag="250" ind1=" " ind2=" ">
    <subfield code="a">28a ed.</subfield>
  </datafield>
  <datafield tag="260" ind1=" " ind2=" ">
    <subfield code="a">Buenos Aires :</subfield>
    <subfield code="b">Sudamericana,</subfield>
    <subfield code="c">2001.</subfield>
  </datafield>
  <datafield tag="300" ind1=" " ind2=" ">
    <subfield code="a">285 p. :</subfield>
    <subfield code="c">23 cm.</subfield>
  </datafield>
  <datafield tag="490" ind1="0" ind2=" ">
    <subfield code="a">(Narrativas hist&#xF3;ricas)</subfield>
  </datafield>
  <datafield tag="650" ind1=" " ind2="7">
    <subfield code="a">LITERATURA</subfield>
    <subfield code="z">FRANCIA</subfield>
    <subfield code="2">unescot</subfield>
    <subfield code="9">3586</subfield>
  </datafield>
  <datafield tag="650" ind1=" " ind2="7">
    <subfield code="a">NOVELA</subfield>
    <subfield code="2">unescot</subfield>
    <subfield code="9">608</subfield>
  </datafield>
  <datafield tag="700" ind1="1" ind2=" ">
    <subfield code="a">Cort&#xE1;zar, Julio,</subfield>
    <subfield code="d">1914-1984</subfield>
    <subfield code="9">3570</subfield>
    <subfield code="e">tr.</subfield>
  </datafield>
  <datafield tag="942" ind1=" " ind2=" ">
    <subfield code="2">ddc</subfield>
    <subfield code="c">LIBRO</subfield>
  </datafield>
  <datafield tag="999" ind1=" " ind2=" ">
    <subfield code="c">21758</subfield>
    <subfield code="d">21759</subfield>
  </datafield>
  <datafield tag="952" ind1=" " ind2=" ">
    <subfield code="0">0</subfield>
    <subfield code="1">0</subfield>
    <subfield code="2">ddc</subfield>
    <subfield code="4">0</subfield>
    <subfield code="7">0</subfield>
    <subfield code="a">UNM</subfield>
    <subfield code="b">UNM</subfield>
    <subfield code="d">2026-05-11</subfield>
    <subfield code="e">Donaci&#xF3;n Lorena Demitrio</subfield>
    <subfield code="i">28219</subfield>
    <subfield code="l">0</subfield>
    <subfield code="o">FR843 YOU 81</subfield>
    <subfield code="p">28219</subfield>
    <subfield code="r">2026-05-11 20:29:02</subfield>
    <subfield code="t">Ej. C</subfield>
    <subfield code="w">2026-05-11</subfield>
    <subfield code="y">LIBRO</subfield>
  </datafield>
</record>
